| 000 | 004420000a22001690004500 | ||
|---|---|---|---|
| 003 | LK-CoMWRAF | ||
| 008 | 230817t ||||| |||| 00| 0 eng d | ||
| 040 |
_aLK-CoMWRAF _dLK-CoMWRAF _eLK-CoMWRAF |
||
| 041 | _aeng | ||
| 082 |
_a480 _bHAS |
||
| 100 | _aHasler, Bonnies Sether | ||
| 245 |
_aBarriers to living independentlu for older women with diasabilities _bhousing |
||
| 260 |
_b _a _c |
||
| 300 | _ap.p.v. | ||
| 650 | _awomen | ||
| 942 | _cBK | ||
| 999 |
_c2809 _d2809 |
||